000 02171nam a2200265 a 4500
001 ASIN0199063036
005 20170105102935.0
008 150901s2011 xxu eng d
020 _a0199063036 (paperback)
020 _a9780199063031 (paperback)
040 _a0
082 _a954.91
_bMAL 2011
100 1 _aMallam, Leslie.
245 1 0 _aThirty years on the north-west frontier /
_cLeslie Mallam.
260 _a[S.l.] :
_bOxford University Press Karachi,
_c2011.
300 _a272 p.
520 _aLieutenant Colonel Leslie Mallam’s memoir covers his career - both as a soldier in the Indian Army (2nd Bengal Lancers) and as a political officer on the North-West Frontier. He established a great rapport with the many tribes of the North-West Frontier, especially the Pathan people, with whom he shared a lasting mutual respect. His career also encompassed his roles as a Barrister, District Judge and Chief Secretary to the Governor of the province.Leslie Mallam retired from service just after the Partition of India and Pakistan in 1947 and returned to England and joined the Church, serving as vicar in the parish of Eckington in the Diocese of Worcester.In a career spanning nearly three decades in the Indian Political Service, Leslie Mallam developed a special intrest and love of the North-West Frontier and its people. As Britain prepared to relinquish its authority, Mallam led a large team of Indian Civil Servants who wrote a ‘Frontier Development Plan’ which regrettably was never implemented. Its structure and recommendations might well have changed the course of history in the area which we know to the Afghan-Pakistan border region. 
650 _aA Young World, Tramp, India, France and Palestine
650 _aBase Depot, Allahabad, North-West Frontier: Indian Political Service, Persian and Arabian Gulf: Slaves and Pearls, Arab Oil and Back to the Frontier , Frontier Revolt
650 _aCounsellor, British Legation, Kabu
650 _aDeputy Commissioner, Kohat
650 _aPolitical Agent, Malakand
856 4 0 _3Amazon.com
_uhttp://www.amazon.com/exec/obidos/ASIN/0199063036/chopaconline-20
942 _2ddc
_cBK
999 _c16217
_d16217